Navigátor nad oblakmi

Bibliographic Details
Main Author: Galis, Tomáš, 1950- (Author)
Format: Article
Language:Slovak
PhysicalDescription:Fotogr.
ISSN:1336-5932
Subjects:

MARC

LEADER 00000nab a2200000 a 4500
001 vtls008962939
003 SK-MaSNL
005 20260303070736.0
008 140515c2007 xo wr|p|||||||000 b|slo
015 |a SNBRB2007/04  |2 snkbucl 
040 |a SNKBUCL  |b slo  |c SNKBUCL  |e AACR2 
041 0 |a slo 
044 |a xo  |c SK 
080 |a 629.3.056.8  |2 2001 
080 |a 621.398:528.28  |2 2001 
100 1 |a Galis, Tomáš,  |d 1950-  |4 aut  |9 111877 
245 1 0 |a Navigátor nad oblakmi  |c Tomáš Gális 
300 |b Fotogr. 
650 0 7 |a navigačné prístroje  |2 snkbucl  |9 1035663 
650 0 7 |a GPS (navigačný systém)  |2 snkbucl  |9 168839 
650 0 7 |a satelitná navigácia  |2 snkbucl  |9 330377 
650 0 7 |a Galileo (navigačný systém)  |2 snkbucl  |9 22040 
773 0 |t Týždeň  |g Roč. IV, č. 14 (2007), s. 42-45  |x 1336-5932 
852 |a SNK  |b KIS3GCP 
999 |c 1756733  |d 1758663